000 00602nam a2200205Ia 4500
005 20250508170025.0
008 008 250505s9999 xx 000 0 eng d
020 _a978-0-815-34971-6
037 _aTextBook
040 _aFEDL
_beng
_cFEDL
041 _aeng
_2eng
084 _a370.19, KIS/R
_qFEDL
100 _aKise Jane A G
_9782761
245 0 _aUnleashing the positive power of difference: Polarity thinking in our schools
260 _aNew Delhi, India
_bSage
_c2014
300 _ax, 273p.
365 _aINR
_b995
942 _cTB
_h370.19, KIS/R
999 _c1398739
_d1398739